000
00196 a2200097 4500
001
27936
100
_a
Burton, R
245
_a
Vibration and Inpact
260
_a
_b
Dover
_c
090
_c
18644
_d
18644
942
_a
NUST-CAE
_c
M
_c
9607
999
_c
263009
_d
263009